All FNaF 3 Characters - Statistics

General Stats
  • This quiz has been taken 122 times
    118 since last reset
  • The average score is 9 of 19
Answer Stats
Answer % Correct
Springtrap
98%
Phantom Chica
95%
Phantom Foxy
94%
Phantom Freddy
94%
Phantom Mangle
86%
Phantom BB
83%
Phantom Marionette
77%
Purple Guy
40%
Fredbear
35%
Springbonnie
35%
Phantom Bonnie
26%
Crying Child
23%
Phone Dude
22%
Shadow Freddy
18%
Golden Cupcake
15%
Shadow BB
14%
Shadow Cupcake
14%
Shadow Marionette
12%
Paperpals
9%
No matching quizzes found
Score Distribution
Percent of People with Each Score
Percentile by Number Answered
Your Score History
You have not taken this quiz since the last reset